Tres das en una canoa roja / (Record no. 16311)

MARC details
000 -LEADER
fixed length control field 00897nam a2200277Ia 4500
001 - CONTROL NUMBER
control field 30725335
003 - CONTROL NUMBER IDENTIFIER
control field OCoLC
005 - DATE AND TIME OF LATEST TRANSACTION
control field 20161014134533.0
008 - FIXED-LENGTH DATA ELEMENTS--GENERAL INFORMATION
fixed length control field 940708s1993 nyua j 000 1 spa d
020 ## - INTERNATIONAL STANDARD BOOK NUMBER
International Standard Book Number 0590468685
020 ## - INTERNATIONAL STANDARD BOOK NUMBER
International Standard Book Number 9780590291828 (Spanish pbk.)
020 ## - INTERNATIONAL STANDARD BOOK NUMBER
International Standard Book Number 0590291823 (NASTA)
040 ## - CATALOGING SOURCE
Original cataloging agency CS1
Transcribing agency CS1
041 1# - LANGUAGE CODE
Language code of text/sound track or separate title spa
Language code of original eng
100 1# - MAIN ENTRY--PERSONAL NAME
Personal name Williams, Vera B.
240 00 - UNIFORM TITLE
Uniform title <a href="Three days on a river in a red canoe.">Three days on a river in a red canoe.</a>
Language of a work Spanish.
245 10 - TITLE STATEMENT
Title Tres das en una canoa roja /
Statement of responsibility, etc. Vera B. Williams.
260 ## - PUBLICATION, DISTRIBUTION, ETC. (IMPRINT)
Place of publication, distribution, etc. New York :
Name of publisher, distributor, etc. Scholastic,
Date of publication, distribution, etc. c1993.
300 ## - PHYSICAL DESCRIPTION
Extent 32 p. :
Other physical details col. ill. ;
Dimensions 21 x 25 cm.
500 ## - GENERAL NOTE
General note Translation of: Three days on a river in a red canoe.
500 ## - GENERAL NOTE
General note "Reading Rainbow"--Cover.
520 ## - SUMMARY, ETC.
Summary, etc. Mother, Aunt Rosie, and two children make a three-day camping trip by canoe.
650 #0 - SUBJECT ADDED ENTRY--TOPICAL TERM
Topical term or geographic name as entry element Canoes and canoeing
Form subdivision Fiction.
650 #0 - SUBJECT ADDED ENTRY--TOPICAL TERM
Topical term or geographic name as entry element Camping
Form subdivision Fiction.
942 ## - ADDED ENTRY ELEMENTS (KOHA)
Koha item type Libro/Book
Holdings
Withdrawn status Lost status Damaged status Not for loan Home library Current library Date acquired Inventory number Total Checkouts Barcode Date last seen Date checked out Price effective from Koha item type
        Sevadilla -- Satellite Sevadilla -- Satellite 14/10/2016 Inventory date: 7/7/25 1 35400796 19/02/2018 19/02/2018 14/10/2016 Libro/Book

Powered by Koha